000 00274nam a22001337a 4500
003 SGT
082 _aKAM,516
100 _aKAMRA, NARESH
245 _aSOLID GEOMETRY
260 _aMEERUT
_bPRAGATI PRAKASHAN
_c2016
300 _a332
650 _aGEOMETRY
942 _2ddc
_cFPS
999 _c10059
_d10059